[Event "CZE-chT1W 1011"]
[Site "Czech Republic"]
[Date "2011.01.16"]
[Round "6.8"]
[White "Bednar, Marcel"]
[Black "Hitzgerova, Gabriela"]
[Result "1-0"]
[WhiteElo "2199"]
[BlackElo "2144"]
[PlyCount "79"]
[EventDate "2010.10.10"]
[EventType "team-tourn"]
[EventRounds "11"]
[EventCountry "CZE"]
[SourceTitle "EXT 2012"]
[Source "ChessBase"]
[SourceDate "2011.11.24"]
[SourceVersion "1"]
[SourceVersionDate "2011.11.24"]
[SourceQuality "1"]
[WhiteTeam "Praha Holdia II"]
[BlackTeam "Praha Bohemians"]
[WhiteTeamCountry "CZE"]
[BlackTeamCountry "CZE"]

1. e4 c5 2. Nf3 e6 3. d3 Nc6 4. g3 g6 5. Bg2 Bg7 6. 0-0 Nge7 7. Nbd2 0-0 8. Re1 d5 9. e5 Qc7 10. Qe2 Nf5 11. c3 b5 12. g4 Nfe7 13. Nf1 b4 14. c4 Bb7 15. Bg5 dxc4 16. dxc4 Nd4 17. Nxd4 cxd4 18. Rad1 Bxg2 19. Kxg2 Nc6 20. f4 Rac8 21. Bh4 f6 22. Bg3 f5 23. g5 Rf7 24. Rd3 Bf8 25. Nd2 Bc5 26. Bf2 Qb6 27. h4 a5 28. Rh1 a4 29. h5 Rg7 30. Nf3 Rd8 31. Qd1 Qa7 32. Qg1 Kf7 33. Qh2 Na5 34. b3 Qb7 35. Kg3 Qe4 36. Rhd1 axb3 37. axb3 Nc6 38. Qg2 Kg8 39. Qf1 Na5 40. Ra1 1-0

[Event "CZE-ch prel-B (Women)"]
[Site "Decin"]
[Date "2009.02.14"]
[Round "2"]
[White "Hitzgerova, Gabriela"]
[Black "Folkova, Martina"]
[Result "1/2-1/2"]
[WhiteElo "2149"]
[BlackElo "2182"]
[PlyCount "59"]
[EventDate "2009.02.14"]
[EventType "tourn"]
[EventRounds "3"]
[EventCountry "CZE"]
[SourceTitle "CBM 128 Extra"]
[Source "ChessBase"]
[SourceDate "2009.03.05"]
[SourceVersion "2"]
[SourceVersionDate "2009.03.25"]
[SourceQuality "1"]

1. e4 e5 2. Nf3 Nc6 3. Bb5 a6 4. Ba4 Nf6 5. 0-0 Be7 6. Re1 b5 7. Bb3 d6 8. c3 0-0 9. a4 Bb7 10. d4 Re8 11. Nbd2 Bf8 12. d5 Nb8 13. axb5 axb5 14. Rxa8 Bxa8 15. c4 c6 16. dxc6 bxc4 17. Bxc4 h6 18. b4 Nxc6 19. b5 Na5 20. Bf1 d5 21. exd5 e4 22. Nd4 Qxd5 23. Qa4 Bc5 24. N2b3 Nxb3 25. Nxb3 Bd6 26. Qd4 Ng4 27. h3 Bh2+ 28. Kh1 Qxb3 29. hxg4 Be5 30. Qc4 1/2-1/2

[Event "EU-ch (Women) 5th"]
[Site "Dresden"]
[Date "2004.04.02"]
[Round "12"]
[White "Hitzgerova, Gabriela"]
[Black "Skibbe, Diana"]
[Result "0-1"]
[WhiteElo "2190"]
[BlackElo "2094"]
[PlyCount "104"]
[EventDate "2004.03.21"]
[EventType "swiss"]
[EventRounds "12"]
[EventCountry "GER"]
[SourceTitle "CBM 099 Extra"]
[Source "ChessBase"]
[SourceDate "2004.05.04"]
[SourceVersion "1"]
[SourceVersionDate "2004.05.04"]
[SourceQuality "1"]

1. e4 e5 2. Nf3 Nc6 3. Bb5 a6 4. Ba4 Nf6 5. 0-0 b5 6. Bb3 Be7 7. Re1 d6 8. c3 Bg4 9. h3 Bh5 10. d3 0-0 11. Nbd2 Na5 12. Bc2 c5 13. Nf1 Re8 14. Ng3 Bg6 15. d4 Nc6 16. d5 Nb8 17. Nh2 h6 18. Nhf1 Bf8 19. Ne3 Nbd7 20. Nef5 c4 21. b3 Qc7 22. Qf3 Rec8 23. Bd2 cxb3 24. Bxb3 Qd8 25. Rac1 a5 26. a3 Nc5 27. c4 Nxb3 28. Qxb3 bxc4 29. Rxc4 Rxc4 30. Qxc4 Nd7 31. Rb1 Rc8 32. Qa6 Nc5 33. Qe2 a4 34. Bb4 Rb8 35. Rc1 Qg5 36. Rc4 Bxf5 37. Nxf5 Nb3 38. Bxd6 Bxd6 39. Nxd6 Qe7 40. Nf5 Qxa3 41. Qg4 Qf8 42. Rxa4 Kh7 43. Ra7 Nd2 44. g3 g6 45. Ne7 Rb6 46. Kg2 Rf6 47. Qe2 Nf3 48. Qd1 Qb8 49. Rd7 Qb4 50. Qe2 Ng5 51. Nc6 Qc3 52. h4 Nf3 0-1

[Event "EU-ch (Women) 5th"]
[Site "Dresden"]
[Date "2004.03.30"]
[Round "9"]
[White "Fuchs, Antje"]
[Black "Hitzgerova, Gabriela"]
[Result "1-0"]
[WhiteElo "2099"]
[BlackElo "2190"]
[PlyCount "45"]
[EventDate "2004.03.21"]
[EventType "swiss"]
[EventRounds "12"]
[EventCountry "GER"]
[SourceTitle "CBM 099 Extra"]
[Source "ChessBase"]
[SourceDate "2004.05.04"]
[SourceVersion "1"]
[SourceVersionDate "2004.05.04"]
[SourceQuality "1"]

1. d4 d6 2. c4 g6 3. Nc3 Bg7 4. Nf3 Nf6 5. e4 0-0 6. Be2 Bg4 7. Be3 Nfd7 8. Qd2 Nc6 9. 0-0-0 Bxf3 10. gxf3 e5 11. dxe5 Ndxe5 12. h4 Na5 13. Bg5 f6 14. Be3 Rf7 15. b3 Qe8 16. h5 g5 17. f4 Nec6 18. h6 Bh8 19. Bh5 Nb4 20. Rdg1 Kf8 21. f5 Qe5 22. Bd4 Nxa2+ 23. Kb2 1-0

[Event "EU-ch (Women) 5th"]
[Site "Dresden"]
[Date "2004.03.28"]
[Round "8"]
[White "Hitzgerova, Gabriela"]
[Black "Lanchava, Tea"]
[Result "0-1"]
[WhiteElo "2190"]
[BlackElo "2323"]
[PlyCount "80"]
[EventDate "2004.03.21"]
[EventType "swiss"]
[EventRounds "12"]
[EventCountry "GER"]
[SourceTitle "CBM 099 Extra"]
[Source "ChessBase"]
[SourceDate "2004.05.04"]
[SourceVersion "1"]
[SourceVersionDate "2004.05.04"]
[SourceQuality "1"]

1. c4 g6 2. Nc3 Bg7 3. g3 f5 4. Bg2 Nf6 5. d3 0-0 6. e3 d6 7. Nge2 c6 8. 0-0 a5 9. Rb1 e5 10. a3 Be6 11. b3 Qe8 12. f4 exf4 13. gxf4 d5 14. Nd4 Bf7 15. Nce2 Ng4 16. Rf3 c5 17. Nb5 Qe7 18. h3 Nf6 19. Nbc3 Nc6 20. Rf1 Rad8 21. Qc2 d4 22. exd4 Nxd4 23. Nxd4 Rxd4 24. Nb5 Rd7 25. Bd2 Qe2 26. Rfe1 Qxd3 27. Qxd3 Rxd3 28. Bxa5 Nh5 29. Bc7 Bh6 30. Rf1 Be8 31. Bxb7 Rf7 32. Bd5 Rxd5 33. cxd5 Bxb5 34. Be5 Bxf1 35. Rxf1 Ng3 36. Rf3 Ne4 37. Rd3 Rd7 38. Kg2 Bf8 39. a4 Kf7 40. Kf3 Bd6 0-1

[Event "EU-ch (Women) 5th"]
[Site "Dresden"]
[Date "2004.03.24"]
[Round "4"]
[White "Hitzgerova, Gabriela"]
[Black "Bakalarz, Grazyna"]
[Result "1/2-1/2"]
[WhiteElo "2190"]
[BlackElo "2082"]
[PlyCount "93"]
[EventDate "2004.03.21"]
[EventType "swiss"]
[EventRounds "12"]
[EventCountry "GER"]
[SourceTitle "CBM 099 Extra"]
[Source "ChessBase"]
[SourceDate "2004.05.04"]
[SourceVersion "1"]
[SourceVersionDate "2004.05.04"]
[SourceQuality "1"]

1. e4 c5 2. Nf3 e6 3. d4 cxd4 4. Nxd4 Nf6 5. Nc3 Nc6 6. Ndb5 Bb4 7. a3 Bxc3+ 8. Nxc3 d5 9. exd5 exd5 10. Bd3 0-0 11. 0-0 d4 12. Ne2 Qd5 13. Nf4 Qd6 14. Nh5 Nd5 15. Qf3 Be6 16. Re1 Rfe8 17. Bd2 Rad8 18. Qg3 Qxg3 19. hxg3 f6 20. Nf4 Nxf4 21. gxf4 Bd5 22. f3 g6 23. Kf2 Rxe1 24. Rxe1 Kf7 25. Rh1 Kg7 26. b4 Ne7 27. Re1 Kf7 28. Bc1 a6 29. a4 Be6 30. Bd2 Nf5 31. Rh1 Kg7 32. Rb1 Nd6 33. Re1 Kf7 34. b5 axb5 35. axb5 Bc4 36. b6 Rd7 37. Rb1 Bxd3 38. cxd3 Nf5 39. Rc1 Ne7 40. g3 Ke6 41. Bb4 Nc6 42. Bc5 Rd5 43. g4 Na5 44. Bb4 Nc6 45. Bc5 Na5 46. Bb4 Nc6 47. Bc5 1/2-1/2

[Event "EU-ch (Women) 5th"]
[Site "Dresden"]
[Date "2004.03.23"]
[Round "3"]
[White "Hafenstein, Andrea"]
[Black "Hitzgerova, Gabriela"]
[Result "0-1"]
[WhiteElo "2051"]
[BlackElo "2190"]
[PlyCount "74"]
[EventDate "2004.03.21"]
[EventType "swiss"]
[EventRounds "12"]
[EventCountry "GER"]
[SourceTitle "CBM 099 Extra"]
[Source "ChessBase"]
[SourceDate "2004.05.04"]
[SourceVersion "1"]
[SourceVersionDate "2004.05.04"]
[SourceQuality "1"]

1. e4 c5 2. Ne2 e6 3. g3 d5 4. Bg2 dxe4 5. Bxe4 Nf6 6. Bg2 Nc6 7. c3 e5 8. 0-0 Qd3 9. b3 Bg4 10. f3 Bf5 11. Bb2 Be7 12. Nc1 Qd7 13. Rf2 0-0 14. Na3 Nd5 15. Qe1 Bf6 16. Bf1 Rfe8 17. d3 Bg5 18. Nc2 h5 19. a3 h4 20. c4 Nf6 21. Ne3 Be6 22. Bc3 Nd4 23. Nd1 Qd6 24. Be2 hxg3 25. hxg3 Nc2 26. Qf1 Nxa1 27. f4 exf4 28. gxf4 Bh4 29. Rh2 Bg3 30. Rg2 Bh3 31. Bxa1 Bxg2 32. Qxg2 Bxf4 33. Na2 Be5 34. Bxe5 Qxe5 35. Ndc3 b6 36. a4 Rad8 37. Qf3 Rd4 0-1

[Event "CZE-ch (Women)"]
[Site "Karlovy Vary"]
[Date "2004.02.24"]
[Round "6"]
[White "Holusova, Tana"]
[Black "Hitzgerova, Gabriela"]
[Result "0-1"]
[WhiteElo "2180"]
[BlackElo "2190"]
[PlyCount "60"]
[EventDate "2004.02.17"]
[EventType "swiss"]
[EventRounds "9"]
[EventCountry "CZE"]
[SourceTitle "EXT 2005"]
[Source "ChessBase"]
[SourceDate "2004.11.15"]
[SourceVersion "1"]
[SourceVersionDate "2004.11.15"]
[SourceQuality "1"]

1. e4 c5 2. Nf3 e6 3. d4 cxd4 4. Nxd4 a6 5. Bd3 Qc7 6. 0-0 Nf6 7. Kh1 d6 8. f4 Nbd7 9. a4 b6 10. Nc3 Bb7 11. Bd2 g6 12. Qe2 Bg7 13. Nf3 0-0 14. Rae1 Rfe8 15. Qf2 Nc5 16. Qh4 Bc6 17. Ng5 h6 18. Nh3 Qb7 19. f5 exf5 20. Bxh6 Ncxe4 21. Bxg7 Kxg7 22. Nxe4 Nxe4 23. Kg1 Rh8 24. Qf4 Rae8 25. Re2 b5 26. Nf2 Qb6 27. Kh1 Nxf2+ 28. Rexf2 Rh5 29. Be2 Rh7 30. Bf3 Qxf2 0-1

[Event "CZE-ch (Women)"]
[Site "Karlovy Vary"]
[Date "2004.02.22"]
[Round "2"]
[White "Kisova, Petra"]
[Black "Hitzgerova, Gabriela"]
[Result "1/2-1/2"]
[WhiteElo "2110"]
[BlackElo "2190"]
[PlyCount "105"]
[EventDate "2004.02.17"]
[EventType "swiss"]
[EventRounds "9"]
[EventCountry "CZE"]
[SourceTitle "EXT 2005"]
[Source "ChessBase"]
[SourceDate "2004.11.15"]
[SourceVersion "1"]
[SourceVersionDate "2004.11.15"]
[SourceQuality "1"]

1. e4 c5 2. c3 Nf6 3. e5 Nd5 4. d4 cxd4 5. Nf3 Nc6 6. Bc4 e6 7. 0-0 dxc3 8. Bxd5 cxb2 9. Bxb2 exd5 10. Qxd5 Qa5 11. Nc3 Be7 12. Nb5 0-0 13. Rfd1 Rd8 14. Qc4 Qb4 15. Qe2 Qg4 16. Nd6 Qe6 17. Rd2 b6 18. Bc3 Rb8 19. Qe3 h6 20. Qe2 Bb7 21. Rad1 Ba8 22. h3 Qg6 23. Rd3 b5 24. Ne1 b4 25. Rg3 Qe6 26. Bb2 Bf8 27. f4 f5 28. Nf3 Be7 29. Kh1 Kh7 30. Qd3 g6 31. Nd2 a5 32. Nb3 Bh4 33. Nc5 Qxa2 34. Rxg6 Ne7 35. Nxf5 Nxg6 36. Nxh4 Rb6 37. Rd2 Qg8 38. Nxd7 Re6 39. f5 Nf4 40. Qc2 Rc6 41. Nf6+ Rxf6 42. exf6 Rxd2 43. Qxd2 Nd5 44. Ng6 Qf7 45. Bc1 Qxf6 46. Qxh6+ Kg8 47. Kh2 a4 48. Bg5 Qg7 49. Qh4 a3 50. Bd2 a2 51. Qd8+ Kh7 52. Qh4+ Kg8 53. Qd8+ 1/2-1/2

[Event "Prague op 03rd"]
[Site "Prague"]
[Date "2004.01.18"]
[Round "3"]
[White "Hitzgerova, Gabriela"]
[Black "Cernousek, Lukas"]
[Result "0-1"]
[WhiteElo "2190"]
[BlackElo "2375"]
[PlyCount "106"]
[EventDate "2004.01.16"]
[EventType "swiss"]
[EventRounds "9"]
[EventCountry "CZE"]
[SourceTitle "CBM 098 Extra"]
[Source "ChessBase"]
[SourceDate "2004.03.10"]
[SourceVersion "2"]
[SourceVersionDate "2004.03.10"]
[SourceQuality "1"]

1. e4 c5 2. Nf3 d6 3. d3 Nc6 4. g3 g6 5. Bg2 Bg7 6. 0-0 Nf6 7. Nc3 Rb8 8. a4 a6 9. h3 b5 10. axb5 axb5 11. Nh4 b4 12. Ne2 e5 13. Be3 0-0 14. c3 bxc3 15. bxc3 Rb2 16. Bc1 Rb6 17. Be3 Be6 18. Re1 Re8 19. Kh2 Rb2 20. Qa4 Bd7 21. Qa6 Qb8 22. Bc1 Rb7 23. Qa2 Be6 24. Qc2 Qc7 25. Be3 Na5 26. c4 Reb8 27. Rab1 Nb3 28. Nc3 Nd4 29. Qd2 Qa5 30. Rxb7 Rxb7 31. Rd1 Rb3 32. Bxd4 cxd4 33. Nb5 Qxd2 34. Rxd2 Bf8 35. Nf3 Nd7 36. Rd1 Nc5 37. Ne1 Nxd3 38. Rxd3 Rxd3 39. Nxd3 Bxc4 40. Nxd4 Bxd3 41. Nc6 f5 42. f3 Bh6 43. Nb4 Bc4 44. Nd5 Kf7 45. Kg1 Ke6 46. Nc7+ Kd7 47. Nd5 Kc6 48. Ne7+ Kc5 49. Kf2 Bf8 50. Nd5 Bxd5 51. exd5 Kxd5 52. Bf1 Kd4 53. Ba6 d5 0-1

[Event "Hallstahammar op"]
[Site "Hallstahammar"]
[Date "2003.09.14"]
[Round "7"]
[White "Norqvist, Lars"]
[Black "Hitzgerova, Gabriela"]
[Result "1/2-1/2"]
[WhiteElo "1800"]
[BlackElo "2223"]
[PlyCount "20"]
[EventDate "2003.09.12"]
[EventType "swiss"]
[EventRounds "7"]
[EventCountry "SWE"]
[SourceTitle "CBM 096 Extra"]
[Source "ChessBase"]
[SourceDate "2003.10.22"]
[SourceVersion "2"]
[SourceVersionDate "2003.10.20"]
[SourceQuality "1"]

1. e4 c5 2. d4 cxd4 3. c3 d3 4. Nf3 d6 5. Bxd3 Nf6 6. 0-0 Nc6 7. Nd4 a6 8. Bg5 e6 9. Qe2 Be7 10. Nd2 0-0 1/2-1/2

[Event "Hallstahammar op"]
[Site "Hallstahammar"]
[Date "2003.09.13"]
[Round "5"]
[White "Janse, Rasmus"]
[Black "Hitzgerova, Gabriela"]
[Result "1/2-1/2"]
[WhiteElo "1711"]
[BlackElo "2223"]
[PlyCount "69"]
[EventDate "2003.09.12"]
[EventType "swiss"]
[EventRounds "7"]
[EventCountry "SWE"]
[SourceTitle "CBM 096 Extra"]
[Source "ChessBase"]
[SourceDate "2003.10.22"]
[SourceVersion "2"]
[SourceVersionDate "2003.10.20"]
[SourceQuality "1"]

1. d4 Nf6 2. c4 e6 3. Nc3 d5 4. Bg5 Be7 5. Nf3 Nbd7 6. e3 c6 7. Bd3 h6 8. Bh4 b6 9. 0-0 Bb7 10. Rc1 0-0 11. Qe2 c5 12. Rfd1 Ne4 13. Bxe7 Qxe7 14. Nd2 Nxd2 15. Rxd2 Qg5 16. f3 cxd4 17. exd4 Nf6 18. cxd5 Nxd5 19. Nxd5 Bxd5 20. Be4 Rac8 21. Rxc8 Rxc8 22. Bxd5 Qxd5 23. b3 Rc1+ 24. Kf2 Qg5 25. g3 h5 26. Rc2 h4 27. f4 hxg3+ 28. hxg3 Rxc2 29. Qxc2 Qd5 30. Ke3 Qa5 31. Qc8+ Kh7 32. Qc2+ g6 33. Qc7 Kg8 34. Qb8+ Kh7 35. Qc7 1/2-1/2

[Event "CZE-ch (Women)"]
[Site "Luhacovice"]
[Date "2003.02.22"]
[Round "2.5"]
[White "Pertlova, Sona"]
[Black "Hitzgerova, Gabriela"]
[Result "0-1"]
[WhiteElo "2020"]
[BlackElo "2225"]
[PlyCount "118"]
[EventDate "2003.02.21"]
[EventType "swiss"]
[EventRounds "9"]
[EventCountry "CZE"]
[SourceTitle "CBM 092 Extra"]
[Source "ChessBase"]
[SourceDate "2003.03.07"]
[SourceVersion "1"]
[SourceVersionDate "2003.03.07"]
[SourceQuality "1"]

1. Nf3 d6 2. c4 e5 3. Nc3 Nc6 4. g3 g6 5. Bg2 Bg7 6. 0-0 Be6 7. d3 h6 8. Rb1 Qd7 9. b4 Nge7 10. b5 Nd8 11. Re1 0-0 12. a4 c6 13. Ba3 f5 14. Qd2 c5 15. e3 g5 16. Red1 Bf7 17. Ne2 Ng6 18. Ne1 Rc8 19. Rbc1 Ne6 20. Qa2 Ne7 21. Qd2 Bh5 22. Nc2 Rfd8 23. Rf1 d5 24. cxd5 Nxd5 25. Ne1 Nf6 26. Qa2 Kh8 27. Nc3 Bf7 28. Qb1 b6 29. Nf3 Ng8 30. Rfd1 Bh5 31. Rd2 Ne7 32. Qa2 Rf8 33. Ne2 f4 34. gxf4 exf4 35. exf4 Nxf4 36. Nxf4 Rxf4 37. Ne1 Nf5 38. Bb2 Nd4 39. Kh1 Rcf8 40. Ba1 Bf7 41. Qb2 Be6 42. Rb1 R8f7 43. Qc1 Nb3 44. Bxg7+ Rxg7 45. Qb2 Nxd2 46. Qxd2 Bd5 47. Kg1 Rgf7 48. Qb2+ Kg8 49. Bxd5 Qxd5 50. f3 Qd4+ 51. Qxd4 Rxd4 52. Kf2 Rxa4 53. Ng2 Rb4 54. Rxb4 cxb4 55. Ne3 b3 56. Nc4 Rf5 57. Na3 b2 58. Ke2 Rxb5 59. Nb1 Rc5 0-1

[Event "Roznov Friendship-B"]
[Site "Roznov"]
[Date "2002.12.15"]
[Round "10"]
[White "Hitzgerova, Gabriela"]
[Black "Biolek, Richard"]
[Result "1/2-1/2"]
[WhiteElo "2225"]
[BlackElo "2433"]
[PlyCount "20"]
[EventDate "2002.12.06"]
[EventType "tourn"]
[EventRounds "10"]
[EventCountry "CZE"]
[EventCategory "3"]
[SourceTitle "EXT 2004"]
[Source "ChessBase"]
[SourceDate "2003.11.25"]
[SourceVersion "1"]
[SourceVersionDate "2003.11.25"]
[SourceQuality "1"]

1. e4 e5 2. Nf3 Nc6 3. Bb5 a6 4. Ba4 Nf6 5. 0-0 b5 6. Bb3 Be7 7. Re1 0-0 8. a4 Bb7 9. d3 d6 10. Nc3 Na5 1/2-1/2

[Event "Roznov Friendship-B"]
[Site "Roznov"]
[Date "2002.12.13"]
[Round "8"]
[White "Hitzgerova, Gabriela"]
[Black "Jurek, Josef"]
[Result "1/2-1/2"]
[WhiteElo "2225"]
[BlackElo "2350"]
[PlyCount "95"]
[EventDate "2002.12.06"]
[EventType "tourn"]
[EventRounds "10"]
[EventCountry "CZE"]
[EventCategory "3"]
[SourceTitle "EXT 2004"]
[Source "ChessBase"]
[SourceDate "2003.11.25"]
[SourceVersion "1"]
[SourceVersionDate "2003.11.25"]
[SourceQuality "1"]

1. e4 e6 2. d4 d5 3. e5 c5 4. c3 Bd7 5. Nf3 Qb6 6. a3 Bb5 7. Be2 Bxe2 8. Qxe2 cxd4 9. cxd4 Nc6 10. 0-0 Nge7 11. Be3 Nf5 12. b4 Be7 13. Nc3 a6 14. Rad1 0-0 15. g4 Nxe3 16. Qxe3 Rac8 17. Rd3 Rc7 18. Na4 Qa7 19. Nc5 b6 20. Na4 Rfc8 21. Rb1 Nb8 22. Rbb3 Nd7 23. Kg2 Rc6 24. Nd2 f6 25. Nf3 Qc7 26. exf6 Bxf6 27. Nc3 b5 28. g5 Bd8 29. Ne2 Qd6 30. Ne5 Nxe5 31. dxe5 Qe7 32. h4 Bb6 33. Qg3 Rc2 34. Nd4 Bxd4 35. Rxd4 Rf8 36. Rf3 Rc4 37. Rdf4 Rfxf4 38. Rxf4 Qc7 39. Qf3 Rxf4 40. Qxf4 Qc4 41. Kg3 Qc3+ 42. f3 d4 43. h5 Qe1+ 44. Kg2 Qe2+ 45. Kg3 Qd1 46. Kg2 Qc2+ 47. Kg3 Qd1 48. Kg2 1/2-1/2

[Event "Roznov Friendship-B"]
[Site "Roznov"]
[Date "2002.12.12"]
[Round "7"]
[White "Alfred, Nathan"]
[Black "Hitzgerova, Gabriela"]
[Result "1-0"]
[WhiteElo "2251"]
[BlackElo "2225"]
[PlyCount "53"]
[EventDate "2002.12.06"]
[EventType "tourn"]
[EventRounds "10"]
[EventCountry "CZE"]
[EventCategory "3"]
[SourceTitle "EXT 2004"]
[Source "ChessBase"]
[SourceDate "2003.11.25"]
[SourceVersion "1"]
[SourceVersionDate "2003.11.25"]
[SourceQuality "1"]

1. d4 Nf6 2. Nf3 e6 3. c4 b6 4. a3 Bb7 5. Nc3 d5 6. cxd5 exd5 7. Bg5 Be7 8. e3 0-0 9. Bd3 Nbd7 10. Qc2 h6 11. Bf4 c5 12. 0-0 a6 13. Rfd1 c4 14. Bf5 b5 15. Ne5 Re8 16. f3 Nf8 17. g4 g5 18. Bg3 Qb6 19. h4 Kg7 20. hxg5 hxg5 21. Kg2 a5 22. Rh1 b4 23. Ne2 bxa3 24. bxa3 Qb3 25. Qd2 Bc8 26. Rhb1 Qa4 27. Nc3 1-0

[Event "Roznov Friendship-B"]
[Site "Roznov"]
[Date "2002.12.10"]
[Round "5"]
[White "Biolek, Richard"]
[Black "Hitzgerova, Gabriela"]
[Result "1-0"]
[WhiteElo "2433"]
[BlackElo "2225"]
[PlyCount "91"]
[EventDate "2002.12.06"]
[EventType "tourn"]
[EventRounds "10"]
[EventCountry "CZE"]
[EventCategory "3"]
[SourceTitle "EXT 2004"]
[Source "ChessBase"]
[SourceDate "2003.11.25"]
[SourceVersion "1"]
[SourceVersionDate "2003.11.25"]
[SourceQuality "1"]

1. Nf3 Nf6 2. c4 e6 3. d4 b6 4. Nc3 Bb7 5. Bg5 Be7 6. e3 0-0 7. Be2 d5 8. cxd5 exd5 9. 0-0 Nbd7 10. Qb3 c5 11. Bxf6 Nxf6 12. dxc5 Bxc5 13. Rfd1 Qe7 14. Nd4 Rad8 15. Bf3 Ne4 16. Rac1 Qe5 17. Nce2 Bd6 18. Ng3 Nc5 19. Qc2 g6 20. Qb1 h5 21. Nf1 h4 22. b4 Ne4 23. a3 Bb8 24. Rc2 Rd6 25. Qb3 Rf6 26. Qd3 Qg5 27. Rdc1 Be5 28. Qd1 Bxd4 29. exd4 Ba6 30. Bxe4 dxe4 31. Ne3 Bd3 32. Rc6 Rxc6 33. Rxc6 Rd8 34. d5 Qf4 35. h3 Kg7 36. Qa1+ Kg8 37. Ng4 Bb5 38. Rc1 Qd6 39. Nf6+ Kf8 40. Nxe4 Qxd5 41. Qh8+ Ke7 42. Qxh4+ Kf8 43. Qh6+ Ke7 44. Re1 Qe5 45. f4 Qd4+ 46. Nf2+ 1-0

[Event "Mitropa Cup (Women) 1st"]
[Site "Saint Vincent"]
[Date "2002.10.03"]
[Round "6"]
[White "Lallemand, Roza"]
[Black "Hitzgerova, Gabriela"]
[Result "1-0"]
[WhiteElo "2301"]
[BlackElo "2230"]
[PlyCount "73"]
[EventDate "2002.09.28"]
[EventType "team-tourn"]
[EventRounds "9"]
[EventCountry "ITA"]
[SourceTitle "CBM 090 Extra"]
[Source "ChessBase"]
[SourceDate "2002.11.07"]
[SourceVersion "1"]
[SourceVersionDate "2002.11.07"]
[SourceQuality "1"]

1. e4 c5 2. Nf3 d6 3. d4 cxd4 4. Nxd4 Nf6 5. Nc3 Nc6 6. Be2 e5 7. Nb3 Be7 8. 0-0 0-0 9. Kh1 a5 10. a4 Nb4 11. f4 b6 12. Be3 Bb7 13. Nd2 exf4 14. Bxf4 d5 15. e5 Ne4 16. Nb5 Bc5 17. c3 Na6 18. Nxe4 dxe4 19. Nd6 Bxd6 20. exd6 Nc5 21. b4 Ne6 22. Be3 Bc6 23. Bc4 Rb8 24. Qd2 Qd7 25. b5 Ba8 26. Rad1 Kh8 27. Bxe6 fxe6 28. c4 Rf5 29. Qd4 Kg8 30. Rxf5 exf5 31. Qe5 f4 32. Qxf4 Rf8 33. Qe5 Qg4 34. Qd4 Qe2 35. d7 Rf1+ 36. Rxf1 Qxf1+ 37. Bg1 1-0

[Event "Mitropa Cup (Women) 1st"]
[Site "Saint Vincent"]
[Date "2002.09.28"]
[Round "1"]
[White "Krivec, Jana"]
[Black "Hitzgerova, Gabriela"]
[Result "1/2-1/2"]
[WhiteElo "2253"]
[BlackElo "2230"]
[PlyCount "67"]
[EventDate "2002.09.28"]
[EventType "team-tourn"]
[EventRounds "9"]
[EventCountry "ITA"]
[SourceTitle "CBM 090 Extra"]
[Source "ChessBase"]
[SourceDate "2002.11.07"]
[SourceVersion "1"]
[SourceVersionDate "2002.11.07"]
[SourceQuality "1"]

1. e4 c5 2. Nf3 d6 3. d4 cxd4 4. Nxd4 Nf6 5. Nc3 Nc6 6. Bc4 e6 7. Bb3 a6 8. 0-0 Be7 9. Kh1 0-0 10. f4 Nxd4 11. Qxd4 Qc7 12. f5 Ng4 13. fxe6 fxe6 14. Rxf8+ Bxf8 15. Bf4 Kh8 16. Rf1 Bd7 17. h3 Ne5 18. Bxe5 dxe5 19. Qf2 Qc5 20. Qxc5 Bxc5 21. Rd1 Bc6 22. Bxe6 Bd4 23. Bd5 Rf8 24. Bxc6 bxc6 25. Na4 h5 26. c3 Be3 27. Re1 Ba7 28. a3 Rf2 29. g3 Kh7 30. h4 Rf3 31. Kg2 Rf2+ 32. Kh1 Rf3 33. Kg2 Rf2+ 34. Kh1 1/2-1/2

[Event "Stockholm IM"]
[Site "Stockholm"]
[Date "2002.??.??"]
[Round "6"]
[White "Hermansson, Emil"]
[Black "Hitzgerova, Gabriela"]
[Result "1/2-1/2"]
[WhiteElo "2427"]
[BlackElo "2216"]
[PlyCount "130"]
[EventDate "2002.06.08"]
[EventType "tourn"]
[EventRounds "9"]
[EventCountry "SWE"]
[EventCategory "4"]
[SourceTitle "EXT 2003"]
[Source "ChessBase"]
[SourceDate "2002.11.25"]
[SourceVersion "1"]
[SourceVersionDate "2002.11.25"]
[SourceQuality "1"]

1. d4 Nf6 2. c4 g6 3. Nc3 Bg7 4. e4 d6 5. Nf3 0-0 6. Be2 e5 7. 0-0 Nc6 8. d5 Ne7 9. b4 Nh5 10. Re1 a5 11. bxa5 Rxa5 12. a4 c5 13. Ra3 Nf4 14. Bf1 Kh8 15. Nb5 Ng8 16. Nd2 Ra6 17. g3 Nh5 18. Bg2 Nhf6 19. Bb2 Ne8 20. Qa1 Nh6 21. f4 f6 22. Rf1 Kg8 23. Kh1 Qe7 24. f5 gxf5 25. Bh3 Nf7 26. exf5 Bh6 27. Ne4 Ng5 28. Bg2 Nxe4 29. Bxe4 Kh8 30. Qd1 Qf7 31. Bc2 Rg8 32. Nc3 Ng7 33. Qe2 Ne8 34. Rb3 Ng7 35. Rb5 Qc7 36. Ne4 Ne8 37. Qh5 Be3 38. Rb3 Bd4 39. Qh6 Qg7 40. Qxg7+ Kxg7 41. Rb1 Kf8 42. Bc1 Ke7 43. Rxb7+ Bxb7 44. Rxb7+ Kd8 45. Rxh7 Rg4 46. h4 Rxe4 47. Bxe4 Rxa4 48. Kg2 Rxc4 49. Bd2 Ra4 50. Bh6 Ra2+ 51. Kf3 Rf2+ 52. Kg4 c4 53. h5 c3 54. Bd3 c2 55. Rb7 Nc7 56. Rb8+ Kd7 57. Bc1 Nxd5 58. h6 Rh2 59. Bxc2 Kc7 60. Rf8 Be3 61. Bb3 Bxc1 62. Bxd5 Rxh6 63. Be6 Bd2 64. Kf3 Bg5 65. Ke4 Rh1 1/2-1/2

[Event "Stockholm IM"]
[Site "Stockholm"]
[Date "2002.??.??"]
[Round "4"]
[White "Hitzgerova, Gabriela"]
[Black "Couso, Luis"]
[Result "0-1"]
[WhiteElo "2216"]
[BlackElo "2345"]
[PlyCount "66"]
[EventDate "2002.06.08"]
[EventType "tourn"]
[EventRounds "9"]
[EventCountry "SWE"]
[EventCategory "4"]
[SourceTitle "EXT 2003"]
[Source "ChessBase"]
[SourceDate "2002.11.25"]
[SourceVersion "1"]
[SourceVersionDate "2002.11.25"]
[SourceQuality "1"]

1. e4 c5 2. Nf3 e6 3. d4 cxd4 4. Nxd4 Nc6 5. Nc3 a6 6. Be2 Nge7 7. Be3 Nxd4 8. Qxd4 b5 9. 0-0 Nc6 10. Qd2 Bb7 11. f4 Rc8 12. Rad1 Be7 13. Kh1 d6 14. f5 0-0 15. fxe6 fxe6 16. Bg4 Qd7 17. Nd5 Rxf1+ 18. Rxf1 Rf8 19. Rd1 Ne5 20. Nb6 Qe8 21. Bxe6+ Kh8 22. Bd5 Bxd5 23. Nxd5 Nc4 24. Qd4 Qh5 25. b3 Nxe3 26. Nxe3 h6 27. Qd5 Bg5 28. Nf5 Bf4 29. Ng3 Qh4 30. Rf1 Rf6 31. Rxf4 Qxf4 32. Qd1 Qe3 33. Nf5 Qxe4 0-1